000 00909cam a22002534a 4500
999 _c7705
_d7705
001 13575689
003 OSt
005 20200118103830.0
008 040428s2005 njuab b 001 0 eng
020 _a9788131719510
040 _coclc
082 0 0 _a658.848
_bKEE/G
100 _aKeegan, Warren J
_91231
245 1 0 _aGlobal marketing /
_cWarren J Keegan ; Mark C Green
250 _a4th ed.
260 _aUpper Saddle River, N.J. :
_bPearson/Prentice Hall,
_cc2005.
300 _a 636 p
_bcol. ill., col. maps ;
_c28 cm.
504 _aIncludes bibliographical references and indexes.
650 0 _aExport marketing.
700 1 _aGreen, Mark C.
_91274
906 _a7
_bcbc
_corignew
_d1
_eocip
_f20
_gy-gencatlg
942 _2ddc
_cBK
_h658.848
_iKEE/G
_k658.848
_mKEE/G